বাংলা ভাষায় ইসলামী পুস্তকের তালিকা / (Record no. 44212)
[ view plain ]
| 000 -LEADER | |
|---|---|
| fixed length control field | 00851nam a22002297a 4500 |
| 001 - CONTROL NUMBER | |
| control field | 44212 |
| 003 - CONTROL NUMBER IDENTIFIER | |
| rucl marc code | BD-RjUL |
| 005 - DATE AND TIME OF LATEST TRANSACTION | |
| control field | 20211209053821.0 |
| 008 - FIXED-LENGTH DATA ELEMENTS--GENERAL INFORMATION | |
| fixed length control field | 160714s1977 bg ||||| |||| 00| 0 ben d |
| 020 ## - INTERNATIONAL STANDARD BOOK NUMBER | |
| Terms of availability | : TK 8.00 |
| 035 ## - SYSTEM CONTROL NUMBER | |
| System control number | (BD-RjUL)44330 |
| 040 ## - CATALOGING SOURCE | |
| Original cataloging agency | BD-RjUL |
| Language of cataloging | ben |
| Transcribing agency | BD-RjUL |
| 041 ## - LANGUAGE CODE | |
| Language code of text/sound track or separate title | ben |
| 082 ## - DEWEY DECIMAL CLASSIFICATION NUMBER | |
| Edition number | 23 |
| Classification number | 016.297 |
| Author mark and year | BAN 1977 |
| 245 00 - TITLE STATEMENT | |
| Title | বাংলা ভাষায় ইসলামী পুস্তকের তালিকা / |
| 260 ## - PUBLICATION, DISTRIBUTION, ETC. (IMPRINT) | |
| Place of publication, distribution, etc. | ঢাকা : |
| Name of publisher, distributor, etc. | ইসলামিক ফাউন্ডেশন, |
| Date of publication, distribution, etc. | ১৯৭৭ |
| 300 ## - PHYSICAL DESCRIPTION | |
| Pagination | ১৯৪ পৃ. ; |
| Size | ২১ সেমি. |
| 650 ## - SUBJECT ADDED ENTRY--TOPICAL TERM | |
| Topical term or geographic name as entry element | গ্রন্থপঞ্জি |
| General subdivision | ইসলাম |
| 9 (RLIN) | 135755 |
| Topical term or geographic name as entry element | Bibliography |
| General subdivision | Islam |
| 9 (RLIN) | 127028 |
| 700 ## - ADDED ENTRY--PERSONAL NAME | |
| Personal name | রাজ্জাক, মোঃ আবদুর, সংকলিত |
| 942 ## - ADDED ENTRY ELEMENTS (KOHA) | |
| Source of classification or shelving scheme | Dewey Decimal Classification |
| Koha item type | Books |
| Lost status | Source of classification or shelving scheme | Damaged status | Not for loan | Collection code | Permanent Location | Current Location | Shelving location | Date acquired | Source of acquisition | Cost, normal purchase price | Total Checkouts | Full call number | Date last seen | Copy number | Koha item type |
|---|---|---|---|---|---|---|---|---|---|---|---|---|---|---|---|
| Dewey Decimal Classification | Non-fiction | Central Library, University of Rajshahi | Central Library, University of Rajshahi | 04/05/1978 | Ureka Book Akademi, Rajshahi | 8.00 | BR 016.297 BAN 1977 | 14/07/2016 | C-2 | Books | |||||
| Dewey Decimal Classification | Non-fiction | Central Library, University of Rajshahi | Central Library, University of Rajshahi | 04/05/1978 | Ureka Book Akademi, Rajshahi | 8.00 | BR 016.297 BAN 1977 | 18/07/2016 | C-3 | Books | |||||
| Dewey Decimal Classification | Not For Loan | Non-fiction | Central Library, University of Rajshahi | Central Library, University of Rajshahi | 04/05/1978 | Eureka Book Agency, Rajshahi | 8.00 | BR 016.297 BAN 1977 | 05/12/2016 | C-1 | Books |